Responsible government in the dominions / (Record no. 5361)
[ view plain ]
| 000 -LEADER | |
|---|---|
| fixed length control field | 00869cam a2200277 i 4500 |
| 001 - CONTROL NUMBER | |
| control field | 5361 |
| 003 - CONTROL NUMBER IDENTIFIER | |
| rucl marc code | BD-RjUL |
| 005 - DATE AND TIME OF LATEST TRANSACTION | |
| control field | 20211208234043.0 |
| 008 - FIXED-LENGTH DATA ELEMENTS--GENERAL INFORMATION | |
| fixed length control field | 131226m19281927enk 00100 eng d |
| 035 ## - SYSTEM CONTROL NUMBER | |
| System control number | (BD-RjUL)5397 |
| System control number | (BD-RjUL) |
| 040 ## - CATALOGING SOURCE | |
| Original cataloging agency | BD-RjUL |
| Language of cataloging | eng |
| Transcribing agency | BD-RjUL |
| 041 ## - LANGUAGE CODE | |
| Language code of text/sound track or separate title | eng |
| 082 00 - DEWEY DECIMAL CLASSIFICATION NUMBER | |
| Classification number | 346.2 |
| Edition number | 16 |
| Author mark and year | KER 1928 |
| 100 1# - MAIN ENTRY--PERSONAL NAME | |
| Personal name | Keith, Arthur Berriedale, |
| Dates associated with a name | 1879-1944. |
| 9 (RLIN) | 5639 |
| 245 10 - TITLE STATEMENT | |
| Title | Responsible government in the dominions / |
| Statement of responsibility, etc. | by Arthur Berriedale Keith. |
| 250 ## - EDITION STATEMENT | |
| Edition statement | 2nd ed. rewritten and revised to 1927. |
| 260 3# - PUBLICATION, DISTRIBUTION, ETC. (IMPRINT) | |
| Place of publication, distribution, etc. | Oxford : |
| Name of publisher, distributor, etc. | Clarendon Press, |
| Date of publication, distribution, etc. | 1928. |
| 300 ## - PHYSICAL DESCRIPTION | |
| Pagination | V. ; |
| Size | 23 cm. |
| 504 ## - BIBLIOGRAPHY, ETC. NOTE | |
| Bibliography, etc | Includes index |
| 505 0# - FORMATTED CONTENTS NOTE | |
| Formatted contents note | Vol. 1 -- Vol. 2 --- |
| 650 #0 - SUBJECT ADDED ENTRY--TOPICAL TERM | |
| Topical term or geographic name as entry element | Imperial federation. |
| 9 (RLIN) | 7461 |
| Topical term or geographic name as entry element | Constitutional law |
| General subdivision | Commonwealth countries. |
| 9 (RLIN) | 16852 |
| 651 #0 - SUBJECT ADDED ENTRY--GEOGRAPHIC NAME | |
| Geographic name | Great Britain |
| General subdivision | Colonies |
| -- | Administration. |
| 9 (RLIN) | 16853 |
| 942 ## - ADDED ENTRY ELEMENTS (KOHA) | |
| Source of classification or shelving scheme | Dewey Decimal Classification |
| Koha item type | Books |
| Lost status | Source of classification or shelving scheme | Damaged status | Not for loan | Collection code | Permanent Location | Current Location | Shelving location | Date acquired | Source of acquisition | Cost, normal purchase price | Total Checkouts | Full call number | Date last seen | Copy number | Koha item type |
|---|---|---|---|---|---|---|---|---|---|---|---|---|---|---|---|
| Dewey Decimal Classification | Non-fiction | Central Library, University of Rajshahi | Central Library, University of Rajshahi | 26/02/1955 | O.U.P Dacca | 50.00 | 346.2 KER 1928 | 26/12/2013 | C-2 | Books | |||||
| Dewey Decimal Classification | Non-fiction | Central Library, University of Rajshahi | Central Library, University of Rajshahi | 26/02/1955 | O.U.P Dacca | 50.10 | 346.2 KER V-2 1928 | 28/07/2016 | C-3 | Books | |||||
| Dewey Decimal Classification | Non-fiction | Central Library, University of Rajshahi | Central Library, University of Rajshahi | 12/09/1955 | Blackwell | 4.10 | 346.2 KER V-2 1928 | 28/07/2016 | C-4 | Books | |||||
| Dewey Decimal Classification | Non-fiction | Central Library, University of Rajshahi | Central Library, University of Rajshahi | 12/09/1955 | Blackwell | 4.10 | 346.2 KER V-1 1928 | 28/07/2016 | C-3 | Books | |||||
| Dewey Decimal Classification | Non-fiction | Central Library, University of Rajshahi | Central Library, University of Rajshahi | 12/09/1955 | Blackwell | 4.10 | 346.2 KER V-1 1928 | 28/07/2016 | C-4 | Books | |||||
| Dewey Decimal Classification | Non-fiction | Central Library, University of Rajshahi | Central Library, University of Rajshahi | 12/09/1955 | Blackwell | 4.10 | 346.2 KER V-1 1928 | 28/07/2016 | C-5 | Books |